|
|
|
|
| LEADER |
01849nam a2200325 i 4500 |
| 001 |
10017073 |
| 003 |
upatras |
| 005 |
20210415132126.0 |
| 008 |
881025s1974 it eng |
| 952 |
|
|
|0 0
|1 0
|2 ddc
|3 τ.1
|4 0
|6 629_892000000000000_THE
|7 0
|9 167204
|a LISP
|b LISP
|c BSC
|d 2016-04-24
|i 35096
|l 0
|o 629.892 THE
|p 025000026312
|r 2016-04-24 00:00:00
|t 1
|v 2016.00
|w 2016-04-24
|y BK15
|
| 952 |
|
|
|0 0
|1 0
|2 ddc
|3 τ.1
|4 0
|6 629_892000000000000_THE
|7 0
|9 167205
|a LISP
|b LISP
|c BSC
|d 2016-04-24
|i 35098
|l 0
|o 629.892 THE
|p 025000026309
|r 2016-04-24 00:00:00
|t 2
|v 2016.00
|w 2016-04-24
|y BK15
|
| 952 |
|
|
|0 0
|1 0
|2 ddc
|3 τ.2
|4 0
|6 629_892000000000000_THE
|7 0
|9 167210
|a LISP
|b LISP
|c BSC
|d 2016-04-24
|i 35097
|l 0
|o 629.892 THE
|p 025000026310
|r 2016-04-24 00:00:00
|t 1
|v 2016.00
|w 2016-04-24
|y BK15
|
| 952 |
|
|
|0 0
|1 0
|2 ddc
|3 τ.2
|4 0
|6 629_892000000000000_THE
|7 0
|9 167211
|a LISP
|b LISP
|c BSC
|d 2016-04-24
|i 35099
|l 0
|o 629.892 THE
|p 025000026311
|r 2016-04-24 00:00:00
|t 2
|v 2016.00
|w 2016-04-24
|y BK15
|
| 999 |
|
|
|c 104626
|d 104626
|
| 020 |
|
|
|a 3211812520
|
| 040 |
|
|
|a GR-PaULI
|c GR-PaULI
|b gre
|e AACR2
|
| 041 |
0 |
|
|a eng
|
| 082 |
0 |
4 |
|a 629.892
|2 23
|
| 110 |
1 |
|
|a International Centre for Mechanical Sciences
|9 86677
|
| 245 |
1 |
0 |
|a On theory and practice of robots and manipulators :
|b First CISM - IFToMM Symposium 5-8 September 1973.
|
| 260 |
|
|
|a Udine:
|b Springer - Verlag,
|c 1974.
|
| 300 |
|
|
|a xxv, 305 σ.:
|b εικ.;
|c 24 εκ.
|
| 490 |
1 |
|
|a Courses and lectures / Springer Verlag
|v 201
|
| 500 |
|
|
|a Τ.1 - .xxv, 305 σ. - 1974 --
|
| 650 |
|
4 |
|a Ρομποτική
|9 796
|
| 650 |
|
4 |
|a Ρομποτική
|x Τεχνητή νοημοσύνη
|9 763
|
| 830 |
|
0 |
|9 170643
|a Courses and lectures (Springer - Verlag)
|
| 852 |
|
|
|a GR-PaULI
|b ΠΑΤΡΑ
|b ΒΚΠ
|b ΒΣ1
|k ΑΣΧΞ
|h 629.892 O
|m 35096
|p 025000026312
|t 1
|
| 852 |
|
|
|a GR-PaULI
|b ΠΑΤΡΑ
|b ΒΚΠ
|b ΒΣ1
|k ΑΣΧΞ
|h 629.892 O
|m 35098
|p 025000026309
|t 2
|
| 942 |
|
|
|2 ddc
|c BK15
|